Mares Que Tocam Mais Países - Statistics

Estatísticas Gerais
  • Esse quiz foi jogado 4 588 vezes
  • A pontuação média é 6 de 13
Estatísticas das Respostas
# Mar % Correto
21 Mar Mediterrâneo
84%
7 Mar Vermelho
76%
6 Mar Negro
71%
25 Mar do Caribe
52%
5 Mar Cáspio
48%
9 Mar Báltico
42%
7 Mar do Norte
42%
4 Mar do Japão
35%
7 Mar Arábico
27%
6 Mar Adriático
26%
10 Mar do Sul da China
26%
4 Mar da China Oriental
15%
5 Mar de Coral
9%
Nenhum quiz correspondente encontrado
Distribuição das Pontuações
Porcentagem de Pessoas com Cada Pontuação
Percentil de Números Respondidos
Sua Pontuação Histórica
Você não jogou esse quiz